000 00454cam a2200193ua 4500
001 9964
005 20260515114541.0
008 170211n ii |||gr||||Z||||||asm
040 _cMAIN
041 _aasm
082 _a891.4513N
100 _aBarua, Rasna,
_eAuthor.
245 _aSeuji pator kahini
_cBy Rasna Barua
250 _a4th ed.
260 _aNalbari:
_bJournal emporium,
_c1997.
300 _a247p.
653 _aAssamese novel
942 _cBK
999 _c8960
_d8960